MARC

LEADER 00000nam0a2200000 4500
001 281898
005 20231031232912.0
020 |a RU  |b 84-66158 
035 |a (RuTPU)RU\TPU\book\305752 
090 |a 281898 
100 |a 20150127d1984 km y0rusy5003 ca 
101 0 |a rus 
102 |a RU 
105 |a a z 001zy 
200 1 |a Астрофизика космических лучей  |f под ред. В. Л. Гинзбурга 
210 |a Москва  |c Наука  |d 1984 
215 |a 358 с.  |c ил. 
320 |a Библиогр.: с. 339-358 
606 1 |a Космические лучи  |x Физика  |2 stltpush  |3 (RuTPU)RU\TPU\subj\15853 
610 1 |a астрофизика 
610 1 |a межзвездная среда 
610 1 |a Галактика 
610 1 |a радиоастрономия 
610 1 |a электронная компонента 
610 1 |a гамма-астрономия 
610 1 |a рентгеновская астрономия 
610 1 |a нейтринная астрономия 
610 1 |a распространение 
610 1 |a ускорение 
675 |a 524.1  |z rus  |v 4 
702 1 |a Гинзбург  |b В. Л.  |g Виталий Лазаревич  |4 340 
801 0 |a RU  |b RuMRKP  |c 19950704  |g psbo 
801 1 |a RU  |b 63413507  |c 20150127 
801 2 |a RU  |b 63413507  |c 20170707  |g RCR 
942 |c BK